000 00409nam a2200169Ia 4500
008 230524s9999 xx 000 0 und d
020 _a0195660978
082 _a410
_bSEE
100 _aJohn Seely
245 4 _aThe Oxford Guide to Writting and Speaking
250 _a1ST
260 _aNEW DELHI
_bOxford
_c2004
300 _aIX;297
500 _aQuantity Number: 100
650 _aEnglish
942 _cBK
999 _c25651
_d25651